[Event "16th South Wales Int 2019"]
[Site "Bridgend"]
[Date "2019.07.07"]
[Round "2.27"]
[White "Borkowski, J Andrew"]
[Black "Chung, Joel"]
[Result "1-0"]
[WhiteElo "1769"]
[BlackElo "1475"]
[PlyCount "111"]
[EventDate "2019.07.07"]
[EventType "swiss"]
[EventRounds "9"]
[EventCountry "WLS"]

1. d4 d5 2. Nf3 Nf6 3. e3 Bf5 4. c4 c6 5. Qb3 b6 6. Nc3 e6 7. cxd5 cxd5 8. Bb5+
Nbd7 9. Ne5 Bd6 10. f4 O-O 11. O-O Ne4 12. Nxd7 Qh4 13. Nxf8 Rxf8 14. Nxe4 Bxe4
15. Bd3 g5 16. Bxe4 dxe4 17. g3 Qg4 18. Qd1 Qh3 19. Qe2 Kh8 20. Bd2 h6 21. a3
Rg8 22. Rf2 h5 23. Rg2 g4 24. Qf1 h4 25. Re2 hxg3 26. Qxh3+ gxh3 27. hxg3 Rxg3+
28. Kh2 Rf3 29. Rg1 Kh7 30. Rg3 Rf1 31. Rxh3+ Kg7 32. Rg2+ Kf6 33. Rh6+ Ke7 34.
Bb4 Rf3 35. Bxd6+ Kxd6 36. Rh3 Rf1 37. Rc2 a6 38. Kg2 Rb1 39. Rh1 Rxh1 40. Kxh1
f5 41. Kg2 Kd5 42. Kg3 Kd6 43. Kh4 Kd5 44. Kg5 Kd6 45. Kf6 a5 46. a4 Kd5 47.
Rc8 Kd6 48. Rd8+ Kc7 49. Re8 Kc6 50. Rxe6+ Kd5 51. Rxb6 Kc4 52. Kxf5 Kd3 53.
Rb3+ Kc4 54. Rc3+ Kb4 55. Rc5 Kxa4 56. d5 1-0

[Event "16th South Wales Int 2019"]
[Site "Bridgend"]
[Date "2019.07.07"]
[Round "2.28"]
[White "Chung, Ethan Cheung Jing"]
[Black "Harris, Calum"]
[Result "0-1"]
[WhiteElo "1572"]
[BlackElo "1764"]
[PlyCount "86"]
[EventDate "2019.07.07"]
[EventType "swiss"]
[EventRounds "9"]
[EventCountry "WLS"]

1. e4 c5 2. d4 cxd4 3. c3 Nf6 4. e5 Nd5 5. cxd4 Nc6 6. Nf3 d6 7. exd6 Qxd6 8.
Nc3 Nxc3 9. bxc3 g6 10. Bc4 Bg7 11. O-O O-O 12. Re1 e5 13. a4 Qc7 14. Bd5 Bg4
15. Bb2 Rad8 16. Bxc6 bxc6 17. Re4 Bxf3 18. Qxf3 f5 19. Re2 exd4 20. cxd4 Bxd4
21. Bxd4 Rxd4 22. Rc2 Rfd8 23. g3 c5 24. Rac1 c4 25. Qe2 Re4 26. Qf1 Rc8 27. f3
Qc5+ 28. Kg2 Rd4 29. Qe2 Qd5 30. Rb1 Rd8 31. Rbb2 Rd3 32. Rb5 Qc6 33. Re5 c3
34. Kh3 Rd2 35. Rxd2 cxd2 36. Qd1 Kg7 37. f4 Kf6 38. Qa1 Kf7 39. Qd1 Rd7 40.
Qb3+ Kg7 41. Re8 d1=Q 42. Qg8+ Kh6 43. Qf8+ Rg7 0-1

[Event "16th South Wales Int 2019"]
[Site "Bridgend"]
[Date "2019.07.07"]
[Round "2.29"]
[White "Thomas, Roy"]
[Black "Jaberansari, Daniel"]
[Result "1-0"]
[WhiteElo "1708"]
[BlackElo "1383"]
[PlyCount "57"]
[EventDate "2019.07.07"]
[EventType "swiss"]
[EventRounds "9"]
[EventCountry "WLS"]

1. f4 Nf6 2. Nf3 e6 3. e3 d5 4. d3 c5 5. Be2 Nc6 6. O-O Be7 7. Nc3 O-O 8. e4
Qb6 9. e5 Nd7 10. Na4 Qc7 11. a3 b5 12. Nc3 a6 13. Qe1 Bb7 14. Qg3 f6 15. Qh3
Nd8 16. d4 Qb6 17. Be3 Rc8 18. Bd3 f5 19. Nd1 cxd4 20. Bxd4 Bc5 21. c3 a5 22.
Kh1 Nc6 23. Ng5 h6 24. Nxe6 Bxd4 25. Nxf8 Rxf8 26. Bxf5 Bc5 27. Bxd7 Ne7 28. b4
axb4 29. axb4 1-0

[Event "16th South Wales Int 2019"]
[Site "Bridgend"]
[Date "2019.07.07"]
[Round "2.30"]
[White "Emblem, Mark"]
[Black "Davies, Sam"]
[Result "0-1"]
[WhiteElo "1513"]
[BlackElo "1705"]
[PlyCount "66"]
[EventDate "2019.07.07"]
[EventType "swiss"]
[EventRounds "9"]
[EventCountry "WLS"]

1. d4 Nf6 2. Nc3 d5 3. Bf4 c6 4. e3 Bf5 5. Bd3 Bxd3 6. Qxd3 e6 7. Nf3 Bd6 8.
Bg3 Bxg3 9. hxg3 Nbd7 10. O-O-O Qa5 11. Kb1 b5 12. e4 b4 13. e5 bxc3 14. exf6
Nxf6 15. Qxc3 Qxc3 16. bxc3 Ne4 17. Ka1 Nxf2 18. Ne5 Nxd1 19. Rxd1 Rc8 20. Rf1
f6 21. Nd3 O-O 22. Nc5 e5 23. dxe5 fxe5 24. Rxf8+ Rxf8 25. Kb2 Rf2 26. Nd3 Re2
27. Kc1 e4 28. Nf4 Rf2 29. a4 g5 30. Ne6 Rxg2 31. Nxg5 Rxg3 32. Ne6 Rxc3 33.
Nd4 Rc4 0-1

[Event "16th South Wales Int 2019"]
[Site "Bridgend"]
[Date "2019.07.08"]
[Round "3.1"]
[White "Roberson, Peter T"]
[Black "Nasuta, Grzegorz"]
[Result "1/2-1/2"]
[WhiteElo "2429"]
[BlackElo "2529"]
[PlyCount "81"]
[EventDate "2019.07.07"]
[EventType "swiss"]
[EventRounds "9"]
[EventCountry "WLS"]

1. e4 e5 2. Nf3 Nc6 3. Bb5 a6 4. Ba4 Nf6 5. O-O Be7 6. Re1 b5 7. Bb3 d6 8. c3
O-O 9. h3 Bb7 10. d4 Re8 11. Ng5 Rf8 12. Nf3 Nd7 13. Nbd2 exd4 14. cxd4 Re8 15.
Nf1 Na5 16. Bc2 Bf6 17. Bf4 Nf8 18. Ng3 Ne6 19. Bc1 c5 20. d5 Nd4 21. Nxd4 Bxd4
22. Rb1 Nc4 23. b3 Nb6 24. Nf5 Bc3 25. Bd2 Bxd2 26. Qxd2 Bc8 27. Ng3 b4 28.
Rbd1 a5 29. f4 Bb7 30. Qf2 Qh4 31. Qf3 g6 32. Kh2 a4 33. e5 axb3 34. axb3 Rad8
35. exd6 Rxe1 36. Rxe1 Bxd5 37. Qf2 Nd7 38. Rd1 Bc6 39. Qe3 Qf6 40. Be4 Re8 41.
Qf3 1/2-1/2

[Event "16th South Wales Int 2019"]
[Site "Bridgend"]
[Date "2019.07.08"]
[Round "3.2"]
[White "Korneev, Oleg"]
[Black "Rudd, Jack"]
[Result "1-0"]
[WhiteElo "2523"]
[BlackElo "2275"]
[PlyCount "89"]
[EventDate "2019.07.07"]
[EventType "swiss"]
[EventRounds "9"]
[EventCountry "WLS"]

1. e4 c6 2. d4 d5 3. Nc3 dxe4 4. Nxe4 Nd7 5. Nf3 Ngf6 6. Nxf6+ Nxf6 7. c3 g6 8.
Bc4 Bg7 9. O-O O-O 10. h3 Nd5 11. Re1 Qd6 12. Bg5 Be6 13. Qd2 f6 14. Bh4 Bf7
15. Bg3 Qd7 16. Bb3 a5 17. a3 b5 18. Qe2 Rfe8 19. Nd2 Kf8 20. Ba2 Nb6 21. Bb1
Na4 22. Ne4 b4 23. axb4 axb4 24. Rxa4 Rxa4 25. Nc5 Qa7 26. Nxa4 Qxa4 27. Be4
bxc3 28. bxc3 Kg8 29. Bf3 Bf8 30. Rb1 Rc8 31. Bg4 f5 32. Bf3 Qa5 33. Qb2 Bd5
34. Qb7 Qa8 35. Qd7 Kf7 36. Bxd5+ cxd5 37. Rb6 Rd8 38. Qe6+ Ke8 39. Bc7 Rc8 40.
Be5 Qa1+ 41. Kh2 Qxc3 42. Bd6 Qc1 43. Rb7 Qc6 44. Rxe7+ Kd8 45. Qf6 1-0

[Event "16th South Wales Int 2019"]
[Site "Bridgend"]
[Date "2019.07.08"]
[Round "3.3"]
[White "Richardson, John R"]
[Black "Chatalbashev, Boris"]
[Result "1/2-1/2"]
[WhiteElo "2239"]
[BlackElo "2518"]
[PlyCount "102"]
[EventDate "2019.07.07"]
[EventType "swiss"]
[EventRounds "9"]
[EventCountry "WLS"]

1. Nf3 g6 2. g3 Bg7 3. d4 c5 4. d5 d6 5. Bg2 Nf6 6. O-O O-O 7. Re1 b5 8. e4
Nbd7 9. c3 Nb6 10. Bf4 Bb7 11. Nbd2 a5 12. Qc2 Qd7 13. Rad1 a4 14. Nf1 Rfe8 15.
h3 h6 16. g4 a3 17. b3 h5 18. g5 Nfxd5 19. exd5 Nxd5 20. Bd2 c4 21. b4 Nb6 22.
Be3 Nd5 23. Bd2 Nb6 24. Be3 Na4 25. Bd4 e5 26. Bxe5 Bxf3 27. Bxf3 Rxe5 28. Rxe5
Bxe5 29. Bxa8 Qxh3 30. Bg2 Qh4 31. Nd2 Bxc3 32. Nf3 Qf4 33. Qc1 Qxc1 34. Rxc1
Kg7 35. Bh3 Bxb4 36. Bd7 Nc3 37. Rc2 Ba5 38. Bxb5 Nxb5 39. Rxc4 Bc3 40. Ra4 d5
41. Kf1 Bb2 42. Ra5 Nc3 43. Nd4 Nxa2 44. Nc2 Nc3 45. Nxa3 Bc1 46. Nb5 Ne4 47.
Nd4 Bxg5 48. Rxd5 Bf6 49. f3 Ng3+ 50. Kg2 h4 51. Kh3 Kf8 1/2-1/2

[Event "16th South Wales Int 2019"]
[Site "Bridgend"]
[Date "2019.07.08"]
[Round "3.4"]
[White "Davies, Nigel R"]
[Black "Waddington, Mike P"]
[Result "1-0"]
[WhiteElo "2484"]
[BlackElo "2014"]
[PlyCount "97"]
[EventDate "2019.07.07"]
[EventType "swiss"]
[EventRounds "9"]
[EventCountry "WLS"]

1. d4 Nf6 2. Nf3 g6 3. Bg5 Bg7 4. Nbd2 d5 5. e3 O-O 6. Be2 c5 7. c3 b6 8. O-O
Nc6 9. Qa4 Bd7 10. Qa3 c4 11. b3 cxb3 12. axb3 Re8 13. h3 h6 14. Bf4 Bf8 15.
Qb2 a5 16. Rfc1 Kh7 17. Bd3 Ra7 18. Qc2 Bg7 19. b4 Qc8 20. b5 Nd8 21. Ne5 Bf5
22. c4 Bxd3 23. Qxd3 Qe6 24. c5 Nd7 25. Nxd7 Rxd7 26. c6 Ra7 27. Bb8 Ra8 28.
Bc7 Qc8 29. Bxb6 e5 30. dxe5 Bxe5 31. Bd4 Bxd4 32. Qxd4 Ne6 33. Qf6 Qc7 34. b6
Qxb6 35. Rab1 Qa6 36. Qxf7+ Ng7 37. Rb7 Rg8 38. Nf3 Raf8 39. Qxd5 a4 40. Qd4 a3
41. Ra7 Qe2 42. Rxa3 Rd8 43. Qa1 Rdf8 44. Ra2 Qb5 45. Ra7 Qe2 46. Qd4 Rb8 47.
Qf6 Qd3 48. Ne5 Qe4 49. Nd7 1-0

[Event "16th South Wales Int 2019"]
[Site "Bridgend"]
[Date "2019.07.08"]
[Round "3.6"]
[White "Arkell, Keith C"]
[Black "Hewitt, William"]
[Result "1-0"]
[WhiteElo "2461"]
[BlackElo "2005"]
[PlyCount "175"]
[EventDate "2019.07.07"]
[EventType "swiss"]
[EventRounds "9"]
[EventCountry "WLS"]

1. Nf3 Nf6 2. c4 g6 3. Nc3 d5 4. cxd5 Nxd5 5. d3 Bg7 6. Bd2 Nb6 7. Qc1 h5 8. g3
c6 9. Bg2 N8d7 10. Ne4 O-O 11. Bh6 Nd5 12. O-O Re8 13. Bxg7 Kxg7 14. d4 N5f6
15. Neg5 e5 16. Qc4 Qe7 17. Nxe5 Nxe5 18. dxe5 Ng4 19. Ne4 Qxe5 20. h3 Nf6 21.
Nc3 Bf5 22. Rad1 Ne4 23. Nxe4 Bxe4 24. Rd7 Bd5 25. Bxd5 cxd5 26. Qb5 Qxe2 27.
Qxd5 Re7 28. Rxb7 Rxb7 29. Qxb7 Re8 30. a4 h4 31. Qxa7 Qxb2 32. gxh4 Re4 33. h5
Qb4 34. hxg6 Rg4+ 35. Kh1 Rxg6 36. Qe3 Qxa4 37. Qe5+ Kh7 38. Rg1 Qd7 39. Rg3
Qd1+ 40. Kg2 Qd7 41. h4 Rxg3+ 42. Kxg3 Qd3+ 43. Kg4 Qd1+ 44. Kg5 Qd2+ 45. Qf4
Qd8+ 46. Qf6 Qd2+ 47. Kg4 Qe2+ 48. Qf3 Qc4+ 49. Qf4 Qe2+ 50. Kg5 Qe7+ 51. Qf6
Qc7 52. h5 Qc1+ 53. Qf4 Qg1+ 54. Kf6 Qg7+ 55. Ke7 f5+ 56. Ke6 Qg8+ 57. Kxf5
Qd5+ 58. Kg4 Qg2+ 59. Kh4 Qh1+ 60. Kg5 Qg2+ 61. Qg3 Qd5+ 62. Kh4 Qh1+ 63. Kg4
Qe4+ 64. Qf4 Qg2+ 65. Qg3 Qe4+ 66. f4 Qe6+ 67. Kh4 Qe7+ 68. Kh3 Qe6+ 69. Qg4
Qe3+ 70. Kg2 Qd2+ 71. Kf1 Qd3+ 72. Kg2 Qd2+ 73. Kh3 Qe3+ 74. Qg3 Qe6+ 75. Kh4
Qe7+ 76. Kg4 Qg7+ 77. Kh3 Qd7+ 78. Qg4 Qd3+ 79. Kh4 Qe3 80. Qg6+ Kh8 81. Qf6+
Kh7 82. Qe5 Qf2+ 83. Kg5 Qg3+ 84. Kf6 Qg7+ 85. Ke6 Qg8+ 86. Ke7 Qg4 87. Qg5
Qe2+ 88. Kf8 1-0

[Event "16th South Wales Int 2019"]
[Site "Bridgend"]
[Date "2019.07.08"]
[Round "3.7"]
[White "Davis, Lee"]
[Black "Toczek, Grzegorz"]
[Result "1/2-1/2"]
[WhiteElo "1937"]
[BlackElo "2249"]
[PlyCount "93"]
[EventDate "2019.07.07"]
[EventType "swiss"]
[EventRounds "9"]
[EventCountry "WLS"]

1. d4 c5 2. d5 Nf6 3. c4 e6 4. Nc3 exd5 5. cxd5 d6 6. e4 g6 7. h3 Bg7 8. Bd3
O-O 9. Nf3 Re8 10. O-O c4 11. Bc2 b5 12. Nxb5 Nxe4 13. Bxe4 Rxe4 14. Nc3 Re8
15. Nd4 Bb7 16. Be3 Qd7 17. Rc1 Na6 18. b3 Rac8 19. Qd2 Nb4 20. Nde2 Ba6 21.
Rfd1 Nd3 22. Rc2 cxb3 23. axb3 Qb7 24. Ra2 Nb4 25. Ra4 Bxe2 26. Nxe2 Nc2 27.
Rxa7 Qxb3 28. Nd4 Nxd4 29. Bxd4 Bh6 30. Ra3 Qc2 31. Qxc2 Rxc2 32. Rda1 Bg7 33.
Ra8 Rcc8 34. Rxc8 Rxc8 35. Bxg7 Kxg7 36. Ra6 Rd8 37. f4 Kf6 38. g4 h6 39. Kf2
Rd7 40. Kf3 g5 41. Rb6 Ke7 42. Ke4 Kf6 43. Kf3 Kg6 44. Ra6 Kf6 45. Rb6 Ke7 46.
Ke4 Kf6 47. Kf3 1/2-1/2

[Event "16th South Wales Int 2019"]
[Site "Bridgend"]
[Date "2019.07.08"]
[Round "3.8"]
[White "Byron, Alan M"]
[Black "Garcia, Jason"]
[Result "1/2-1/2"]
[WhiteElo "2222"]
[BlackElo "2053"]
[PlyCount "84"]
[EventDate "2019.07.07"]
[EventType "swiss"]
[EventRounds "9"]
[EventCountry "WLS"]

1. e4 c5 2. Nf3 d6 3. c4 Nc6 4. Nc3 g6 5. d4 cxd4 6. Nxd4 Bg7 7. Be3 Nf6 8. Be2
Bd7 9. O-O Nxd4 10. Bxd4 O-O 11. f3 a5 12. Qd2 a4 13. Rab1 Bc6 14. b4 axb3 15.
axb3 Nd7 16. Bxg7 Kxg7 17. b4 b6 18. f4 Qc7 19. Rbd1 Ra7 20. Kh1 Kg8 21. Bf3
Rb8 22. Qd4 b5 23. cxb5 Bxb5 24. Nd5 e5 25. Nxc7 exd4 26. Nxb5 Rxb5 27. Rxd4
Ra4 28. Rxd6 Nf8 29. Rd8 Raxb4 30. g3 Kg7 31. Rfd1 Ne6 32. R8d5 Rb1 33. Rxb5
Rxb5 34. Rd2 h5 35. h4 Rb3 36. Kg2 Rc3 37. Kf2 Nc5 38. Ke2 Nb3 39. Rd1 Nc1+ 40.
Kf2 Nd3+ 41. Ke2 Nc1+ 42. Kf2 Nd3+ 1/2-1/2

[Event "16th South Wales Int 2019"]
[Site "Bridgend"]
[Date "2019.07.08"]
[Round "3.9"]
[White "Ratnesan, Ranesh"]
[Black "Wilson, Matthew R"]
[Result "1-0"]
[WhiteElo "2080"]
[BlackElo "1817"]
[PlyCount "91"]
[EventDate "2019.07.07"]
[EventType "swiss"]
[EventRounds "9"]
[EventCountry "WLS"]

1. d4 d5 2. c4 e6 3. Nc3 Nf6 4. Bf4 Be7 5. e3 Nbd7 6. c5 c6 7. h3 O-O 8. Nf3
Ne4 9. Qc2 f5 10. Bd3 Ndf6 11. O-O Kh8 12. Ne2 Qe8 13. Ne5 Nd7 14. f3 Nxe5 15.
Bxe5 Ng5 16. Nc3 Qg6 17. Kh1 Nf7 18. Bh2 Qh6 19. Rae1 Bf6 20. Bg1 g6 21. e4 Bd7
22. b4 Rad8 23. b5 Qg7 24. bxc6 Bxc6 25. exf5 exf5 26. Ne2 Rfe8 27. Nf4 Ng5 28.
Qc3 Qd7 29. Bh2 Ne6 30. Nxe6 Rxe6 31. Rxe6 Qxe6 32. Re1 Qd7 33. Be5 Bxe5 34.
Rxe5 Re8 35. Qe1 Kg8 36. f4 Kf8 37. Qh4 Qf7 38. Qg5 Rxe5 39. fxe5 Qe7 40. Qh6+
Ke8 41. g3 Qd7 42. h4 Bb5 43. e6 Qc6 44. Qxh7 Bxd3 45. Qf7+ Kd8 46. e7+ 1-0

[Event "16th South Wales Int 2019"]
[Site "Bridgend"]
[Date "2019.07.08"]
[Round "3.10"]
[White "Phillips, William"]
[Black "Siddharth, Jagadeesh"]
[Result "0-1"]
[WhiteElo "1847"]
[BlackElo "2410"]
[PlyCount "84"]
[EventDate "2019.07.07"]
[EventType "swiss"]
[EventRounds "9"]
[EventCountry "WLS"]

1. d4 Nf6 2. Nf3 e6 3. Bg5 c5 4. c3 d5 5. e3 Nc6 6. Bd3 h6 7. Bh4 Qb6 8. Qc2
Be7 9. Nbd2 Nd7 10. Bxe7 Nxe7 11. O-O O-O 12. Rfe1 Nc6 13. Rad1 e5 14. dxc5
Nxc5 15. e4 Nxd3 16. Qxd3 dxe4 17. Qxe4 Qxb2 18. Nc4 Qxa2 19. Nfxe5 Nxe5 20.
Nxe5 a5 21. Nd7 Bxd7 22. Rxd7 b5 23. Qf3 a4 24. g4 a3 25. g5 hxg5 26. Rd5 g4
27. Qf5 Qb3 28. Rxb5 Qxc3 29. Rbb1 a2 30. Ra1 Rab8 31. Qxg4 Qxa1 32. Rxa1 Rb1+
33. Kg2 Rxa1 34. Qa4 Rc8 35. Qa3 Rd8 36. Qb2 Rg1+ 37. Kxg1 Rd1+ 38. Kg2 a1=Q
39. Qb8+ Kh7 40. Qf4 Rg1+ 41. Kh3 Qf1+ 42. Kh4 g5+ 0-1

[Event "16th South Wales Int 2019"]
[Site "Bridgend"]
[Date "2019.07.08"]
[Round "3.11"]
[White "Hughes, Anthony"]
[Black "Camacho Collados, Jose"]
[Result "0-1"]
[WhiteElo "1900"]
[BlackElo "2408"]
[PlyCount "80"]
[EventDate "2019.07.07"]
[EventType "swiss"]
[EventRounds "9"]
[EventCountry "WLS"]

1. e4 b6 2. d4 Bb7 3. Bd3 e6 4. Be3 Nf6 5. Nd2 c5 6. c3 Nc6 7. Rc1 Be7 8. f3 d5
9. e5 Nd7 10. Ne2 a5 11. O-O Ba6 12. Bb1 b5 13. f4 g6 14. Qe1 Qb6 15. Qf2 Rc8
16. g4 b4 17. Rfe1 bxc3 18. bxc3 Qb2 19. Rc2 Qa3 20. Nb3 Bd3 21. Rd2 Bxb1 22.
Rxb1 h5 23. f5 hxg4 24. fxe6 fxe6 25. Nf4 Nf8 26. Qe2 g5 27. Qa6 Rc7 28. Ne2
Rh3 29. Ng3 c4 30. Nc1 Qxc3 31. Nf1 Rxe3 32. Nxe3 Qxd2 33. Qa8+ Bd8 34. Nxg4
Qd1+ 35. Kf2 Qxg4 36. Rb7 Qxd4+ 37. Ke1 Qg1+ 38. Kd2 c3+ 39. Ke2 Qg2+ 40. Kd3
Qd2# 0-1

[Event "16th South Wales Int 2019"]
[Site "Bridgend"]
[Date "2019.07.08"]
[Round "3.12"]
[White "Jukes, Sam"]
[Black "Marusenko, Petr"]
[Result "1-0"]
[WhiteElo "1895"]
[BlackElo "2154"]
[PlyCount "87"]
[EventDate "2019.07.07"]
[EventType "swiss"]
[EventRounds "9"]
[EventCountry "WLS"]

1. d4 d5 2. c4 c6 3. Nf3 Nf6 4. g3 Bf5 5. Bg2 e6 6. O-O Nbd7 7. Nc3 Be7 8. Nh4
Bg4 9. f4 dxc4 10. Qe1 Nd5 11. Nf3 Qb6 12. Qf2 N7f6 13. Ne5 c5 14. Na4 Qb5 15.
Nxc5 Bxc5 16. dxc5 Bf5 17. Qd4 c3 18. Nc4 O-O 19. e4 Ne7 20. Nd6 Qe2 21. exf5
c2 22. Bf3 Nc6 23. Bxc6 bxc6 24. Qf2 Qh5 25. Qxc2 Ng4 26. Re1 exf5 27. Nxf5
Rae8 28. Ne7+ Kh8 29. f5 f6 30. Bf4 g5 31. fxg6 h6 32. Rad1 Ne5 33. Bxe5 fxe5
34. Rd7 Qg4 35. g7+ Kxg7 36. Nf5+ Kh8 37. Rf1 Rf6 38. Rh7+ Kxh7 39. Nd6+ Kg8
40. Rxf6 Qd4+ 41. Qf2 Qd1+ 42. Kg2 Qd5+ 43. Kh3 Rb8 44. Qf5 1-0

[Event "16th South Wales Int 2019"]
[Site "Bridgend"]
[Date "2019.07.08"]
[Round "3.13"]
[White "Bullen, Alex"]
[Black "Parry, Matthew"]
[Result "1-0"]
[WhiteElo "2118"]
[BlackElo "1909"]
[PlyCount "49"]
[EventDate "2019.07.07"]
[EventType "swiss"]
[EventRounds "9"]
[EventCountry "WLS"]

1. d4 d5 2. Nf3 Bf5 3. c4 e6 4. Nc3 Nf6 5. h3 Nc6 6. Bf4 Ne4 7. e3 Bb4 8. Qb3
O-O 9. Be2 a5 10. O-O Nxc3 11. bxc3 a4 12. Qb2 a3 13. Qb3 Bd6 14. Bxd6 Qxd6 15.
c5 Qe7 16. c4 dxc4 17. Qxc4 Qd7 18. Nd2 Ne7 19. Bf3 Rfb8 20. Rfc1 Ra4 21. Qb3
b5 22. cxb6 Rxb6 23. Rxc7 Qxc7 24. Qxa4 e5 25. Qe8# 1-0

[Event "16th South Wales Int 2019"]
[Site "Bridgend"]
[Date "2019.07.08"]
[Round "3.14"]
[White "Camp, Imogen A L"]
[Black "Brown, Thomas"]
[Result "0-1"]
[WhiteElo "1850"]
[BlackElo "2092"]
[PlyCount "108"]
[EventDate "2019.07.07"]
[EventType "swiss"]
[EventRounds "9"]
[EventCountry "WLS"]

1. d4 g6 2. c4 c5 3. d5 Bg7 4. Nc3 d6 5. e4 e6 6. g3 exd5 7. cxd5 Nf6 8. Bg2 b5
9. Nxb5 Qa5+ 10. Nc3 Nxe4 11. Bxe4 Bxc3+ 12. Bd2 Bxd2+ 13. Qxd2 Qxd2+ 14. Kxd2
Nd7 15. Ne2 Rb8 16. b3 O-O 17. Rhe1 Nf6 18. Bg2 Ng4 19. f3 Nf6 20. f4 Bf5 21.
Rac1 a5 22. Rc4 Rfe8 23. Ra4 Rb4 24. Nc3 Rxe1 25. Kxe1 Rxa4 26. Nxa4 Be4 27.
Bxe4 Nxe4 28. Ke2 h5 29. Kd3 Nf2+ 30. Kc4 Ng4 31. Kb5 Nxh2 32. Nc3 Nf1 33. Ne2
Ne3 34. Kxa5 Nxd5 35. Kb5 f6 36. a4 Kf7 37. a5 Ke6 38. Kc6 Nb4+ 39. Kb7 g5 40.
fxg5 fxg5 41. a6 Nxa6 42. Kxa6 Ke5 43. Kb5 h4 44. gxh4 gxh4 45. Ng1 Kd5 46. Nh3
Kd4 47. Kc6 d5 48. Kd6 c4 49. b4 c3 50. b5 c2 51. Nf4 Ke3 52. Nxd5+ Kd2 53. b6
c1=Q 54. b7 Qb2 0-1

[Event "16th South Wales Int 2019"]
[Site "Bridgend"]
[Date "2019.07.08"]
[Round "3.15"]
[White "Wilks, Simon"]
[Black "Spanton, Tim R"]
[Result "1-0"]
[WhiteElo "2065"]
[BlackElo "1900"]
[PlyCount "59"]
[EventDate "2019.07.07"]
[EventType "swiss"]
[EventRounds "9"]
[EventCountry "WLS"]

1. e4 e5 2. Nf3 Nc6 3. d4 exd4 4. Nxd4 Bc5 5. Nb3 Bb6 6. Nc3 Nf6 7. Bg5 h6 8.
Bh4 g5 9. Bg3 d6 10. Qe2 Be6 11. O-O-O Bxb3 12. axb3 Qe7 13. f3 Nh5 14. Bf2 Nf4
15. Qd2 Bxf2 16. Qxf2 O-O-O 17. g3 Ne6 18. Nd5 Qf8 19. b4 Kb8 20. Bg2 Qg7 21.
c3 Rhf8 22. Qc2 Ne5 23. Rhe1 g4 24. f4 Nf3 25. Bxf3 gxf3 26. Qf2 Qg4 27. Ne3
Qh5 28. Rd5 Qh3 29. Qxf3 c6 30. Rh5 1-0

[Event "16th South Wales Int 2019"]
[Site "Bridgend"]
[Date "2019.07.08"]
[Round "3.16"]
[White "Pleasants, Allan J"]
[Black "Whitehead, Mark A"]
[Result "1/2-1/2"]
[WhiteElo "2049"]
[BlackElo "1887"]
[PlyCount "46"]
[EventDate "2019.07.07"]
[EventType "swiss"]
[EventRounds "9"]
[EventCountry "WLS"]

1. e4 c5 2. c3 d5 3. exd5 Qxd5 4. d4 Nf6 5. Nf3 e6 6. a3 Be7 7. Be3 cxd4 8.
cxd4 O-O 9. Nc3 Qd8 10. Bd3 b6 11. Qe2 Bb7 12. O-O Nbd7 13. Rad1 Nd5 14. Nxd5
Bxd5 15. Bf4 Nf6 16. Ne5 Bd6 17. Bg5 h6 18. Bh4 Rc8 19. Ba6 Rc7 20. Nc4 Bxc4
21. Bxc4 g5 22. Bg3 Nd5 23. Bd3 Re8 1/2-1/2

[Event "16th South Wales Int 2019"]
[Site "Bridgend"]
[Date "2019.07.08"]
[Round "3.17"]
[White "Cannon, Richard J"]
[Black "James, Dai"]
[Result "1-0"]
[WhiteElo "2013"]
[BlackElo "1848"]
[PlyCount "69"]
[EventDate "2019.07.07"]
[EventType "swiss"]
[EventRounds "9"]
[EventCountry "WLS"]

1. e4 e6 2. d4 d5 3. Nc3 Nf6 4. e5 Nfd7 5. Nf3 c5 6. dxc5 Bxc5 7. Bd3 Nc6 8.
Bf4 f6 9. exf6 Nxf6 10. Qe2 O-O 11. O-O a6 12. Ne5 Nd4 13. Qd2 Ne4 14. Bxe4
dxe4 15. Nxe4 Rxf4 16. Nxc5 Qd5 17. Ncd3 Rf5 18. Rfe1 Bd7 19. c3 Bc6 20. Nxc6
Nxc6 21. Qe3 Rd8 22. Nb4 Nxb4 23. cxb4 e5 24. h3 Rdf8 25. f3 h6 26. a3 Rg5 27.
Kh2 Qd6 28. Rad1 Qc7 29. Qe4 Rf4 30. Qd5+ Kh7 31. Re4 Qc2 32. Rd2 Qc1 33. Rxf4
exf4 34. Qe4+ Rg6 35. Rd6 1-0

[Event "16th South Wales Int 2019"]
[Site "Bridgend"]
[Date "2019.07.08"]
[Round "3.18"]
[White "Bird, Joel"]
[Black "Sivarajasingam, Venetia"]
[Result "1-0"]
[WhiteElo "1988"]
[BlackElo "1745"]
[PlyCount "57"]
[EventDate "2019.07.07"]
[EventType "swiss"]
[EventRounds "9"]
[EventCountry "WLS"]

1. e4 e6 2. d4 d5 3. Nc3 dxe4 4. Nxe4 Nd7 5. Bd3 Ngf6 6. Qe2 Be7 7. Nf3 O-O 8.
Nxf6+ Nxf6 9. O-O b6 10. Bg5 Bb7 11. Rad1 Qd6 12. Rfe1 c5 13. dxc5 Qxc5 14. Ne5
Rad8 15. c3 h6 16. Bh4 Nd7 17. b4 Qc7 18. Bxe7 Nxe5 19. Bxd8 Rxd8 20. Qxe5 Qe7
21. Qe3 Kh8 22. Be4 Ba6 23. Rxd8+ Qxd8 24. g3 Bc4 25. Qd4 Qxd4 26. cxd4 b5 27.
f4 f5 28. Bc2 Bxa2 29. Ra1 1-0

[Event "16th South Wales Int 2019"]
[Site "Bridgend"]
[Date "2019.07.08"]
[Round "3.21"]
[White "Davies, Sam"]
[Black "Jones, Derek"]
[Result "0-1"]
[WhiteElo "1705"]
[BlackElo "1937"]
[PlyCount "140"]
[EventDate "2019.07.07"]
[EventType "swiss"]
[EventRounds "9"]
[EventCountry "WLS"]

1. e4 e6 2. d3 d5 3. Nd2 c5 4. g3 Nc6 5. Bg2 Nge7 6. Ngf3 g6 7. O-O Bg7 8. c3
O-O 9. Qe2 b6 10. Ne1 Ba6 11. f4 dxe4 12. Bxe4 Qd7 13. Nc4 Rad8 14. a4 Kh8 15.
Be3 Rfe8 16. Qg2 f5 17. Bf3 Nd5 18. Bd2 e5 19. fxe5 Nxe5 20. Nxe5 Rxe5 21. a5
Qc8 22. Kh1 Ne3 23. Bxe3 Rxe3 24. axb6 axb6 25. Bc6 Re6 26. Bf3 Re3 27. c4 b5
28. cxb5 Bxb5 29. Ra8 Qc7 30. Rxd8+ Qxd8 31. Qf2 Qe8 32. Ng2 Re5 33. Ra1 Qf8
34. Nf4 Re8 35. Ra5 Bd4 36. Qf1 Bd7 37. Ra7 Qd6 38. Ra2 Qe5 39. Ra7 Qd6 40. Ra2
Bc6 41. Ng2 Bd5 42. Bxd5 Qxd5 43. b3 Qxb3 44. Re2 Rxe2 45. Qxe2 Qb1+ 46. Qe1
Qxe1+ 47. Nxe1 Kg7 48. Kg2 Kf6 49. Kf3 g5 50. g4 Ke5 51. Ng2 f4 52. h4 h6 53.
hxg5 hxg5 54. Ne1 Bc3 55. Nc2 Kd5 56. Ke2 c4 57. dxc4+ Kxc4 58. Na3+ Kb4 59.
Nc2+ Kb3 60. Kd3 Kb2 61. Nd4 Bxd4 62. Kxd4 Kc2 63. Ke4 Kd2 64. Kf3 Kd3 65. Kf2
Ke4 66. Kg2 Ke3 67. Kh3 f3 68. Kh2 f2 69. Kh1 f1=Q+ 70. Kh2 Qf2+ 0-1

[Event "16th South Wales Int 2019"]
[Site "Bridgend"]
[Date "2019.07.08"]
[Round "3.22"]
[White "May, Adam J"]
[Black "Thomas, Roy"]
[Result "1-0"]
[WhiteElo "1917"]
[BlackElo "1708"]
[PlyCount "55"]
[EventDate "2019.07.07"]
[EventType "swiss"]
[EventRounds "9"]
[EventCountry "WLS"]

1. c4 f5 2. g3 e5 3. d4 e4 4. Bg2 Nf6 5. Nh3 Be7 6. O-O O-O 7. Nc3 d5 8. cxd5
Nxd5 9. Nxd5 Qxd5 10. Nf4 Qd6 11. h4 Nc6 12. d5 Ne5 13. b3 Bd7 14. Bb2 g6 15.
a4 Ng4 16. e3 Bf6 17. Ba3 Qe5 18. Rc1 Rfd8 19. Rc2 Rac8 20. Qc1 c6 21. Rd1 b6
22. dxc6 Be6 23. Rxd8+ Bxd8 24. Bb2 Qd6 25. Nxe6 Qxe6 26. c7 Be7 27. Bf1 f4 28.
Bc4 1-0

[Event "16th South Wales Int 2019"]
[Site "Bridgend"]
[Date "2019.07.08"]
[Round "3.23"]
[White "Murphy, Conor E"]
[Black "Chung, Daniel"]
[Result "1-0"]
[WhiteElo "2362"]
[BlackElo "1434"]
[PlyCount "51"]
[EventDate "2019.07.07"]
[EventType "swiss"]
[EventRounds "9"]
[EventCountry "WLS"]

1. Nf3 d5 2. g3 Nf6 3. Bg2 c5 4. c4 d4 5. e3 Nc6 6. O-O e5 7. exd4 cxd4 8. Re1
Bd6 9. c5 Bxc5 10. Nxe5 O-O 11. Nxc6 bxc6 12. d3 Bb7 13. Bg5 h6 14. Bxf6 Qxf6
15. Nd2 Bb6 16. b4 Rab8 17. Qc2 Qd6 18. Nc4 Qxb4 19. Rab1 Qc5 20. Re5 Qxe5 21.
Nxe5 Rfe8 22. f4 Rbc8 23. Qc4 Rc7 24. a4 Kf8 25. a5 Bxa5 26. Qc5+ 1-0